| 000 | 00627nam a2200229Ia 4500 | ||
|---|---|---|---|
| 003 | OSt | ||
| 005 | 20230518092408.0 | ||
| 008 | 210423s1994 xx 000 0 und d | ||
| 020 | _a122624300 | ||
| 040 | _cAL | ||
| 041 | _aeng | ||
| 082 |
_a581.88 FOSP _223 |
||
| 100 |
_aFOSKET (Donald E). _9107522 |
||
| 245 | _aPlant growth and development: molecular approach. | ||
| 260 |
_aSan Diego _bAcademic Press _c1994 |
||
| 300 |
_axix,580 _bBound |
||
| 365 | _cINR | ||
| 650 |
_aBotany _9107523 |
||
| 650 |
_aBotany _9107523 |
||
| 906 | _aapproach ; approach. ; development: ; growth ; molecular ; Plant | ||
| 942 |
_2ddc _cBK |
||
| 999 |
_c164976 _d164976 |
||